|
|
|
|
| LEADER |
00982nam a2200253 a 4500 |
| 008 |
920422s1991 ii b 011 0 eng d |
| 999 |
|
|
|c 342912
|d 342912
|
| 020 |
|
|
|a 8120203194
|
| 035 |
|
|
|a (OCoLC)ocm25688874
|
| 043 |
|
|
|a a-ii---
|
| 082 |
|
|
|2 335.4
|
| 100 |
1 |
|
|a Limaye, Madhu.
|
| 245 |
1 |
0 |
|a Socialist Communist interaction in India /
|c Madhu Limaye.
|
| 260 |
|
|
|a Delhi :
|b Ajanta Publications,
|c 1991.
|
| 300 |
|
|
|a x, 393 p. ;
|c 22 cm.
|
| 500 |
|
|
|a "To felicitate George Fernandes on his sixtieth birthday..."--P. [v].
|
| 504 |
|
|
|a Includes bibliographical references and index.
|
| 650 |
|
0 |
|a Socialism
|z India
|x History.
|
| 650 |
|
0 |
|a Communism
|z India
|x History.
|
| 700 |
1 |
0 |
|a Fernandes, George,
|
| 942 |
|
|
|c BK
|
| 651 |
|
0 |
|a India
|x Politics and government
|y 1947-
|
| 651 |
|
0 |
|a India
|x Politics and government
|y 1919-1947
|
| 952 |
|
|
|0 0
|1 0
|2 ddc
|4 0
|6 335_400000000000000_LIM_S
|7 0
|9 393588
|a HIS
|b HIS
|c ST1
|d 2019-08-20
|i 20827
|l 1
|o 335.4 LIM/S
|p HIS20827
|r 2021-10-21
|s 2021-09-08
|w 2019-08-20
|y BK
|